Biblioteca y Centro de Documentación

La democracia industrial (Registro nro. 18963)

Detalles MARC
000 -CABECERA
Longitud fija campo de control 01510nam a2200421 c 4500
001 - NÚMERO DE CONTROL
Número de control 18963
003 - IDENTIFICADOR DE NÚMERO DE CONTROL
Identificador del número de control ES-MaCES
005 - FECHA Y HORA DE LA ÚLTIMA TRANSACCIÓN
Fecha y hora de la última transacción 20180315134929.0
008 - CAMPO FIJO DE DESCRIPCIÓN FIJA--INFORMACIÓN GENERAL
Códigos de información de longitud fija   060612s2004 sp a t 000 | spa d
017 ## - NÚMERO DE REGISTRO DE DERECHOS DE AUTOR Y DEPÓSITO LEGAL
Número de copyright o de depósito legal M 9240-2004
Agencia que asigna el número DL
020 ## - ISBN (INTERNATIONAL STANDARD BOOK NUMBER)
Número Internacional Normalizado para Libros (ISBN) 8497422708
035 ## - NÚMERO DE CONTROL DEL SISTEMA
Número de control del sistema CES20060007399m
040 ## - FUENTE DE CATALOGACIÓN
Centro catalogador de origen ES-MaCES
Lengua de catalogación spa
Centro transcriptor ES-MaCES
041 1# - CÓDIGO DE IDIOMA
Código de lengua del texto;banda sonora o título independiente spa
Código de lengua original eng
100 1# - ENCABEZAMIENTO PRINCIPAL--NOMBRE PERSONAL
Nombre de persona Webb, Sidney
9 (RLIN) 26169
245 13 - MENCIÓN DE TÍTULO
Título La democracia industrial
Mención de responsabilidad, etc. Sidney y Beatrice Webb ; edición y estudio preliminar de Juan José y Santiago Castillo ; traducción de Miguel Ángel Simón
260 ## - PUBLICACIÓN, DISTRIBUCIÓN, ETC (PIE DE IMPRENTA)
Lugar de publicación, distribución, etc. Madrid
Nombre del editor, distribuidor, etc. Biblioteca Nueva
-- Fundación Francisco Largo Caballero
Fecha de publicación, distribución, etc. [2004]
300 ## - DESCRIPCIÓN FÍSICA
Extensión XXXII, 668 p.
Otras características físicas il. bl. y n.
Dimensiones 24 cm
500 ## - NOTA GENERAL
Nota general Traducción de: Industrial democracy
541 ## - NOTA DE LA FUENTE INMEDIANTE DE ADQUISICIÓN
Forma de adquisición Gratuito
650 #4 - ASIENTO SECUNDARIO DE MATERIA--TÉRMINO DE MATERIA
Término de materia o nombre geográfico como elemento inicial participación de los trabajadores
9 (RLIN) 28378
650 #4 - ASIENTO SECUNDARIO DE MATERIA--TÉRMINO DE MATERIA
Término de materia o nombre geográfico como elemento inicial estructura sindical
9 (RLIN) 29471
650 #4 - ASIENTO SECUNDARIO DE MATERIA--TÉRMINO DE MATERIA
Término de materia o nombre geográfico como elemento inicial papel del sindicato
9 (RLIN) 30660
650 #4 - ASIENTO SECUNDARIO DE MATERIA--TÉRMINO DE MATERIA
Término de materia o nombre geográfico como elemento inicial sindicalismo
9 (RLIN) 29453
650 #4 - ASIENTO SECUNDARIO DE MATERIA--TÉRMINO DE MATERIA
Término de materia o nombre geográfico como elemento inicial Reino Unido
9 (RLIN) 26967
653 10 - TÉRMINO DE INDEXACIÓN--NO CONTROLADO
Término no controlado Relaciones laborales-Empleo
650 #4 - ASIENTO SECUNDARIO DE MATERIA--TÉRMINO DE MATERIA
9 (RLIN) 28369
Término de materia o nombre geográfico como elemento inicial relaciones laborales
650 #4 - ASIENTO SECUNDARIO DE MATERIA--TÉRMINO DE MATERIA
9 (RLIN) 28377
Término de materia o nombre geográfico como elemento inicial sindicato
700 1# - ENCABEZAMIENTO SECUNDARIO--NOMBRE PERSONAL
Nombre de persona Webb, Beatrice Potter
9 (RLIN) 26168
700 1# - ENCABEZAMIENTO SECUNDARIO--NOMBRE PERSONAL
9 (RLIN) 9287
Nombre de persona Castillo Alonso, Juan José
Término indicativo de función ed. lit.
700 1# - ENCABEZAMIENTO SECUNDARIO--NOMBRE PERSONAL
Nombre de persona Castillo, Santiago
Término indicativo de función ed. lit.
9 (RLIN) 9285
700 1# - ENCABEZAMIENTO SECUNDARIO--NOMBRE PERSONAL
Nombre de persona Simón, Miguel Ángel
Término indicativo de función tr.
9 (RLIN) 24083
710 2# - ENCABEZAMIENTO SECUNDARIO--NOMBRE CORPORATIVO
Nombre de entidad o nombre de jurisdicción como elemento inicial Fundación Francisco Largo Caballero
Término indicativo de función ed.
9 (RLIN) 3826
740 02 - ENCABEZAMIENTO SECUNDARIO--TÍTULO ANALÍTICO/RELACIONADO NO CONTROLADO
Título relacionado o analítico no controlado Industrial democracy
902 ## - CES. TIPO DE DOCUMENTO
Tipodoc (006$c Sirtex) LIB Libro
942 ## - ELEMENTOS KOHA
Fuente de clasificaión o esquema Clasificación propia del CES
Koha [por defecto] tipo de item Monografías
Parte de clasificación 2.0.
Existencias
Número de registro Signatura completa Tipo de item de Koha
064924 DPT-13342 Monografías
© CES, Consejo Económico y Social de España 2021